한글 (Korean Hangeul) Practice: European Cities - Statistics

General Stats
  • This quiz has been taken 228 times
  • The average score is 13 of 20
Answer Stats
Hint Answer % Correct
런던 London
97%
파리 Paris
96%
로마 Rome
91%
베를린 Berlin
85%
리스본 Lisbon
83%
바르셀로나 Barcelona
80%
마드리드 Madrid
79%
소피아 Sofia
79%
더블린 Dublin
74%
민스크 Minsk
68%
함부르크 Hamburg
66%
맨체스터 Manchester
66%
오데사 Odessa
66%
베네치아 Venice
54%
벨파스트 Belfast
52%
프랑크푸르트 Frankfurt
52%
글래스고 Glasgow
44%
베른 Bern
39%
세비야 Seville
37%
바젤 Basel
28%
No matching quizzes found
Score Distribution
Percent of People with Each Score
Percentile by Number Answered
Your Score History
You have not taken this quiz